Material didáctico para matemáticas: séptimo año de educación general básica

Saved in:
Bibliografiske detaljer
Hovedforfatter: Cortés P., Hernán (Author)
Format: Bog
Sprog:spansk
Udgivet: Santiago CPEIP 1970
Serier:Reforma educacional chilena
Fag:
Tags: Tilføj Tag
Ingen Tags, Vær først til at tagge denne postø!

MARC

LEADER 00000nam a2200000 a 4500
001 UCY8592
003 CL-VaPUC
008 950703e19700000CL |||||||||||||||||spa|d
082 0 4 |a 372.7  |b COR  |2 21 
100 0 |a Cortés P., Hernán  |e author  |9 340099 
245 1 0 |a Material didáctico para matemáticas: séptimo año de educación general básica 
300 |a 142 p 
942 |c BK 
945 |d 19950703 00:00:00  |a cmena 
260 |a Santiago  |b CPEIP  |c 1970 
650 0 |a Matemática  |9 260235 
650 0 |a Métodos de enseñanza  |9 270413 
650 7 |a MATERIAL Y EQUIPO DIDACTICOS  |2 CL-VaPUC  |9 309109 
650 0 |a Educación básica   |9 224933 
583 |a last modification  |c 19950703 00:00:00  |k Rodrigo Vera 
490 0 |a Reforma educacional chilena 
999 |c 235823  |d 235821 
952 |0 0  |1 0  |4 0  |6 372_700000000000000_COR_1970  |7 0  |8 P  |9 243475  |a BIBEDU  |b BIBEDU  |c BIBEDU_PB  |d 2019-11-18  |i 1526219  |o 372.7 COR 1970  |p 1526219  |r 2024-01-25  |w 2019-11-18  |y BK  |k EDU